La acumulación en escala mundial /
Guardado en:
| Autor Principal: | |
|---|---|
| Otros Autores: | |
| Formato: | Libro |
| Publicado: |
Buenos Aires :
Siglo XXI,
1975.
|
| Materias: | |
| Etiquetas: |
Agregar Etiqueta
Sin Etiquetas, Sea el primero en etiquetar este registro!
|
| LEADER | 00589nam a22001815a 4500 | ||
|---|---|---|---|
| 001 | EHU.bham051504 | ||
| 008 | 230605s1975####ag############000#0#####d | ||
| 005 | 20230605102838.0 | ||
| 245 | 1 | 0 | |a La acumulación en escala mundial / |c Samir Amin ; trad. por Rosalía Cortés. |
| 260 | |a Buenos Aires : |b Siglo XXI, |c 1975. | ||
| 300 | |a 660 p. | ||
| 100 | 1 | |a Amin, Samir | |
| 700 | 1 | |a Cortés, Rosalía, trad. | |
| 082 | 3 | 3 | |a 330.1 Am 54-1 |
| 653 | |a Colección Villar | ||
| 653 | |a Capitalismo periférico | ||
| 653 | |a Desigualdad económica | ||
| 859 | |a AR-BHAM |b BIB. HUMANIDADES - General |h 330.1 |i Am54-1 |p 312.23 | ||
